| 000 | 00396pab a2200157 454500 | ||
|---|---|---|---|
| 008 | 180718b2003 xxu||||| |||| 00| 0 eng d | ||
| 100 | _aGlendinning, Caroline | ||
| 245 | _aJoint working: the health service agenda | ||
| 260 | _c2003 | ||
| 300 | _ap.51-98. | ||
| 362 | _aAutumn | ||
| 650 | _aHealth services | ||
| 700 | _aColeman, Anna | ||
| 773 | _aLocal Government Studies | ||
| 909 | _a58507 | ||
| 999 |
_c58507 _d58507 |
||